Building a sustainable future: the African region environment strategy (Record no. 77779)

MARC details
000 -LEADER
fixed length control field 00957nam a2200217 a 4500
008 - FIXED-LENGTH DATA ELEMENTS--GENERAL INFORMATION
fixed length control field 071108s2002 ||||||||||||||||| || u
020 ## - INTERNATIONAL STANDARD BOOK NUMBER
International Standard Book Number 082135146X
050 ## - LIBRARY OF CONGRESS CALL NUMBER
Classification number IBRD(06)DD/2002/1
110 ## - MAIN ENTRY--CORPORATE NAME
Corporate name or jurisdiction name as entry element World Bank
245 10 - TITLE STATEMENT
Title Building a sustainable future: the African region environment strategy
260 ## - PUBLICATION, DISTRIBUTION, ETC.
Place of publication, distribution, etc. Washington, D.C.
Name of publisher, distributor, etc. World Bank
Date of publication, distribution, etc. 2002
300 ## - PHYSICAL DESCRIPTION
Extent ix, 126p.:ill.
350 ## -
-- 0.00
490 ## -
-- Directions in development
650 ## - SUBJECT ADDED ENTRY--TOPICAL TERM
Topical term or geographic name entry element WORLD BANK--AFRICA
650 ## - SUBJECT ADDED ENTRY--TOPICAL TERM
Topical term or geographic name entry element NATURAL RESOURCES--AFRICA--MANAGEMENT
650 ## - SUBJECT ADDED ENTRY--TOPICAL TERM
Topical term or geographic name entry element ENVIRONMENTAL POLICY--ECONOMIC ASPECTS--AFRICA
650 #0 - SUBJECT ADDED ENTRY--TOPICAL TERM
Topical term or geographic name entry element SUSTAINABLE DEVELOPMENT--AFRICA
995 ## -
-- MAIN LIBRARY OPEN ACCESS
-- 0.00
-- 46335
-- CBU-MAIN LIBRARY (Kitwe)
-- 1
-- 0.00
-- HC 800 Bui
-- 1
-- AVAILABLE
-- Nov 8, 2007
-- 46335
-- Main Library Open Access Collection
995 ## -
-- SPECIAL COLLECTIONS
-- 46300
-- CBU-MAIN LIBRARY (Kitwe)
-- 0.00
-- IBRD(06)DD/2002/1
-- 2
-- AVAILABLE
-- Mar 24, 2015
-- 46300
-- International Publications
999 ## -
-- 77779
-- 77779
Holdings
Withdrawn status Lost status Source of classification or shelving scheme Damaged status Not for loan Permanent Location Current Location Shelving location Date acquired Total Checkouts Full call number Barcode Date last seen Copy number Price effective from Koha item type
          CBU-MAIN LIBRARY, KITWE. CBU-MAIN LIBRARY, KITWE.   05/03/2023   IBRD(06)DD/2002/1 46335 05/03/2023 1 05/03/2023 SPECIAL COLLECTION
          CBU-MAIN LIBRARY, KITWE. CBU-MAIN LIBRARY, KITWE.   05/03/2023   IBRD(06)DD/2002/1 46300 05/03/2023 2 05/03/2023 SPECIAL COLLECTION